000 00305nam a22001457a 4500
008 210531b ||||| |||| 00| 0 eng d
020 _a003061936X
041 _aeng
080 _a53
082 _a53
100 _a43
101 _aFIZ
245 _aModern Physics
_cJohn E. Williams
942 _2udc
_cBK
999 _c57875
_d57875